000
00250 a2200109 4500
001
64611
082
_a
629.83 MAR
090
_c
38210
_d
38210
100
_a
Mares, Milan
245
_a
Computation over fuzzy quantities
260
_a
London
_b
CRC Press
942
_a
NUST-CAE
_k
629.83 MAR
999
_c
299684
_d
299684